000 00881nmm a2200301 a 4500
003 AR-BaBNM
005 20251128210610.0
008 190020s1997 ||||||||||||||000 | spa||
020 _a987-96506
040 _cAR-BaBNM
100 1 _aCostilla, Raúl Ruben
245 1 0 _aUn proyecto en acción
_bla democracia en la escuela
260 _aBuenos Aires
_bArnold
_c1997
300 0 _a229 p.
_bil., gráfs., tablas
500 0 _aContiene referencias bibliográficas
650 4 _aTECNICAS DIDACTICAS
650 4 _aACTIVIDADES DE APRENDIZAJE
650 4 _aCURRICULO INTEGRADO
651 4 _aBuenos Aires [Provincia]
653 0 _aTEMAS TRANSVERSALES
653 0 _aPROYECTOS DE AULA
653 0 _aCONTENIDOS CURRICULARES
653 0 _aAREAS CURRICULARES
653 0 _aEDUCACION DEMOCRATICA
653 0 _aFORMACION ETICA Y CIUDADANA
942 _cBK
998 _cRaquel
999 _c16112
_d16112